000 00825nam a2200253 a 4500
001 BRCA_6907
005 20190320205634.0
008 161111s1944----mx-a######---#000-0#spa-#
041 _aspa
044 _amx
050 4 _aHN389
_b.B48 1944
100 1 _aBeveridge, William Herry, baron
_d1879-
_917201
245 1 0 _aLas bases de la seguridad social
_cSir William Beveridge ; versión española de Teodoro Ortíz.
260 _aMéxico
_bFCE
_c1944
300 _a265 p.
_bil.
_c20 cm.
440 0 _aSección de obras de Economía
_pManuales Introductorios
_v2
_917202
500 _aO99
650 1 4 _aSeguridad social
_zGran Bretaña
_917203
650 1 4 _aGuerra Mundial
_y1939-1945
_97638
651 4 _aGran Bretaña
_xCondiciones sociales
_917204
700 1 _aOrtíz, Teodoro
_etr.
_917205
902 _aGFM
942 _2lcc
_cB
999 _c6589
_d6589